Countries of Oceania in Alphabetical order - Statistics

General Stats
  • This quiz has been taken 17 times
  • The average score is 10 of 13
Answer Stats
Answer % Correct
Australia
100%
Nauru
80%
New Zealand
80%
Samoa
80%
Fiji
73%
Kiribati
73%
Marshall Islands
73%
Micronesia
73%
Palau
73%
Papua New Guinea
73%
Solomon Islands
73%
Tonga
73%
Tuvalu
73%
No matching quizzes found
Score Distribution
Percent of People with Each Score
Percentile by Number Answered
Your Score History
You have not taken this quiz